| 000 | 00426nam a22001697a 4500 | ||
|---|---|---|---|
| 003 | NUST - PNEC | ||
| 005 | 20170116180829.0 | ||
| 008 | 150729b xxu||||| |||| 00| 0 eng d | ||
| 020 | _a- | ||
| 040 | _cLIBRARY | ||
| 082 | _a519.4 ANT | ||
| 100 |
_94530 _aAntia, H M |
||
| 245 |
_aNumerical methods for scientists and engineers _cH M Antia |
||
| 260 | _cc.1991 | ||
| 650 |
_94531 _aNumerical Methods _xMIS |
||
| 942 |
_2ddc _cBK |
||
| 999 |
_c63972 _d63972 |
||